00798nam a2200241Ia 450000500170000000800410001702000150005804100080007308200150008110000450009624500950014125000250023626400260026130000260028733600270031333700330034033800280037349000480040165000300044965000170047965000250049604000350052120220316235352.0121119s2001 sp gr 000 0 spa  a84206332080 aspa04a193 bN32m1 aNietzsche, Friedrich Wilhelm,d1844-190010aMas allá del bien y del malbpreludio de una filosofía del futurocFriedrich Nietzsche aQuinta reimpresión 1aMadridbAlianzac2001 a302 páginasc20 cm. atextobtxt2rdacontent asin mediaciónbn2rdamedia avolumenbnc2rdacarrier0 aEl libro de bolsillo : biblioteca Nietzsche142LEMBaFilosofía alemana142LEMBaEtica 142LEMBaEspiritualidad aCO-BoRNBPbspaerdacCO-BoRNBP